01716nam a22003137a 450000500170000001000150001702000270003203500130005903700130007208200140008510000250009924500560012426000350018027000700021530000250028550000520031050504730036265000590083565000590089465000490095365000500100265000340105265000360108665000530112265000530117594200280122899900170125695201290127320150520122823.0 aENG-112576 a9789381904848c1750.00 aEN-96108 bDBAD/PUB a270.09587 aOlcott, Martha Brill00aIn the whirlwind of jihad /cby Martha Brill Olcott aNew DelhibKW Publishersc2013 a4676/21, First Floor, Ansari Road, Daryaganj, bNew Delhie110002 axiv,415p. c24cm(Hb) a Includes bibliographical references and index. aAn introduction to islam in Uzbekistan -- Islam and the state before Soviet rule -- Islam and the state in the Soviet Union -- Religious leaders of the Soviet era -- Muhammad Sodiq Mohammad Yusuf--Uzbekistan’s theologian -- Islam in the communities -- Islamic revival in the Uzbek communities -- "Managing islam" since independence -- The rise of radical islam in Uzbekistan -- The islamic movement of Uzbekistan in Tajikistan and Afghanistan -- The post-9/11 world. a Islam and statezUzbekistan x Historyy20th century. a Islam and state zUzbekistanx Historyy21st century. a Islam zUzbekistanx Historyy20th century. a Islam zUzbekistan x Historyy21st century. a Islamic renewalzUzbekistan. aIslam and state zSoviet Union. a Islam zAsia, Central x Historyy20th century. a Islam zAsia, Central x Historyy21st century. 2ddccENmOLCh270.09587 c92727d92727 001040718NFICaDBADbDBADd2015-04-06eDBAD/PUBg1750.00l0o270.09587 OLCpEN-96108r2015-04-06 00:00:00t1v1750.00yEN